000 01216nam a22002777a 4500
001 TZ 0086
003 gtcocun
005 20251003182029.0
006 a||||gr|||| 00| 0
007 ta
008 251003b2023 gt ||||| m||| 00| 0 eng d
040 _agtcocun
_bSPA
_cgtcocun
_eRDA
041 _aSPA TZ 0086
084 _0TZ 0086
100 _aCastillo Arrivillaga, Ricardo José
_eAutor
245 _aINFORME FINAL DE PRÁCTICA PROFESIONAL SUPERVISADA REALIZADA EN FINCA ESCORPIO UBICADA EN EL MUNICIPIO DE RAXRUHÁ, ALTA VERAPAZ./
_cRicardo José Castillo Arrivillaga.
_hImpreso
264 _aCobán, Alta Verapaz:
_bUniversidad de San Carlos de Guatemala, Centro Universitario del Norte,
300 _a77 p.:
_bIlustraciones, gráficas.
_c28 cm;
502 _eTZ 0086
502 _aTesis de grado
_bZootecnia,
_cUniversidad de San Carlos de Guatemala, Centro Universitario del Norte, Zootecnia
_d2023
_oTZ 0086
650 1 4 _2LEMB
_aRaxruhá, Alta Verapaz.
_xZootecnia
_xClaudicaciones
_xPatologías podales
_xGanado
_xPotreros
_xBovino
700 _eAsesor
856 _uSin archivo en línea.
_zSin archivo en línea.
942 _2ddc
_cTES
_iTZ 0086
_kClasificación
_n0
_6TZ_0086_000000000000000
999 _c2223
_d2223